| 000 | 01061nac a22003377a 4500 | ||
|---|---|---|---|
| 001 | BR0601962 | ||
| 003 | BR-BrBNA | ||
| 005 | 20240105123313.0 | ||
| 008 | 230509b bl.|||m| |||| 00| 0 por d | ||
| 040 |
_aBR-BrBNA _bpor _cBiblioteca Nacional de Agricultura |
||
| 072 | _aF01 | ||
| 090 | _a0720 BR0601962 | ||
| 100 | 1 | _aCamelatto, D. | |
| 100 | 1 | _aCoutinho, E.F. | |
| 100 | 1 | _aHaerter, J.A. | |
| 100 | 1 | _aCasagrande Júnior, J.G. | |
| 110 | 1 | _aEMBRAPA Clima Temperado, Pelotas, RS (Brasil) | |
| 245 | 1 | _aSuperação da insuficiência de frio hibernal em ameixeiras (Prunus domestica L.)cv. D'AGEN | |
| 260 | 3 |
_aPelotas, RS (Brasil): _c2002. |
|
| 300 | _a3 p. | ||
| 490 |
_aComunicado Técnico - EMBRAPA Clima Temperado (Brazil) _vno. 79 _xISSN 1516-8654 |
||
| 650 | _aAMEIXA | ||
| 650 | _aPRODUÇÃO VEGETAL | ||
| 650 | _aCONDIÇÃO AMBIENTAL | ||
| 650 | _aVARIEDADE RESISTENTE | ||
| 650 | _aQUEBRA DA DORMÊNCIA | ||
| 650 | _aFRIO | ||
| 650 | _aBROTAÇÃO | ||
| 909 |
_a202312 _bLúcia Elande _c55 _dLúcia Elande |
||
| 942 |
_2AGRIS _n0 _cMS |
||
| 999 |
_c294862 _d294862 |
||